|
|
|
|
| LEADER |
01017nam a2200253 a 4500 |
| 001 |
15702824 |
| 008 |
130323s2010 nyua b 001 0 eng d |
| 010 |
|
|
|a 2009926939
|
| 020 |
|
|
|a 9780387981567
|
| 020 |
|
|
|a 9780387981574
|
| 040 |
|
|
|a DLC
|c DLC
|d DLC
|d BD-DhAAL
|
| 082 |
0 |
0 |
|a 362.12
|2 22
|
| 245 |
0 |
0 |
|a Igniting the power of community :
|b the role of CBOs and NGOs in global public health /
|c Paul A. Gaist, editor.
|
| 260 |
|
|
|a New York :
|b Springer,
|c c2010.
|
| 300 |
|
|
|a xxv, 406 p. ;
|b ill. ;
|c 27 cm.
|
| 504 |
|
|
|a Includes bibliographical references and index.
|
| 541 |
|
|
|e 00026729
|
| 650 |
|
0 |
|a Community health services.
|
| 650 |
|
0 |
|a Public health
|x Citizen participation.
|
| 650 |
|
0 |
|a Public health
|x International cooperation.
|
| 700 |
1 |
|
|a Gaist, Paul A.
|
| 852 |
1 |
|
|a Ayesha Abed Library
|c General shelf.
|
| 999 |
|
|
|c 13264
|d 13264
|
| 952 |
|
|
|0 0
|1 0
|2 ddc
|4 0
|6 362_120000000000000_IGN
|7 0
|9 22092
|a JPGSPH
|b JPGSPH
|c GEN
|d 2013-03-24
|e Karim International
|g 11700.00
|l 0
|o 362.12 IGN
|p 3060026729
|r 2013-03-24
|t 1
|w 2013-03-24
|y BK
|